[Event "Moscow Open"]
[Site "Moscow RUS"]
[Date "1995.??.??"]
[Round "5"]
[White "Cicak, Slavko"]
[Black "Yemelin, Vasily"]
[Result "0-1"]
[WhiteElo "2350"]
[BlackElo "2515"]
[PlyCount "82"]
[EventDate "1995.??.??"]
[Source "www.chesslib.no"]
[SourceDate "2004.05.04"]

1. e4 e5 2. Nf3 Nc6 3. Bb5 a6 4. Ba4 Nf6 5. O-O Be7 6. d4 exd4 7. e5 Ne4 8. b4 O-O 9. Qd3 Ng5 10. Bxg5 Bxg5 11. a3 b5 12. Bb3 a5 13. Nxg5 Qxg5 14. f4 Qg6 15. Qf3 axb4 16. Nd2 Rxa3 17. Rae1 Na5 18. f5 Qh6 19. Ne4 Nxb3 20. cxb3 Bb7 21. Qg3 Ra2 22. Rf4 d3 23. Rh4 Qb6+ 24. Kf1 Bxe4 25. Rhxe4 Qc5 26. Qe3 Qc2 27. Rg4 g6 28. Qf3 Rfa8 29. Rd4 Ra1 30. Rxd3 Rxe1+ 31. Kxe1 Ra1+ 32. Rd1 Qxd1+ 33. Qxd1 Rxd1+ 34. Kxd1 gxf5 35. Kd2 c5 36. Ke3 Kf8 37. Kf4 c4 38. Ke3 Ke7 39. bxc4 bxc4 40. Kd4 b3 41. Kc3 Ke6 0-1

[Event "HUN Ch"]
[Site "HUN"]
[Date "1989.??.??"]
[Round "?"]
[White "Szalanczy, Emil"]
[Black "Hazai, Laszlo"]
[Result "1-0"]
[WhiteElo "2400"]
[BlackElo "2460"]
[PlyCount "87"]
[EventDate "1989.05.??"]
[Source "www.chesslib.no"]
[SourceDate "2004.05.04"]

1. e4 e5 2. Nf3 Nc6 3. Bb5 a6 4. Ba4 Nf6 5. O-O Be7 6. d4 exd4 7. e5 Ne4 8. b4 O-O 9. Qd3 d5 10. Bxc6 bxc6 11. Nxd4 Qd7 12. f3 c5 13. Ne2 c4 14. Qd1 Ng5 15. Nbc3 Rd8 16. Bxg5 Bxg5 17. Qd4 f6 18. Rad1 c6 19. f4 fxe5 20. fxe5 Qe7 21. Rf3 a5 22. b5 c5 23. Qf2 d4 24. Rf1 Bg4 25. Rg3 Rf8 26. Nd5 Qxe5 27. Nef4 Bh4 28. Re1 Qxd5 29. Nxd5 Rxf2 30. Rxg4 Rf5 31. Ne7+ Bxe7 32. Rxe7 Rf7 33. Rge4 Rxe7 34. Rxe7 d3 35. cxd3 cxd3 36. Kf2 Rd8 37. Ke1 c4 38. Rc7 c3 39. Rxc3 Rd5 40. a4 d2+ 41. Kd1 Rd4 42. Rb3 Kf7 43. b6 Rd8 44. b7 1-0

[Event "URS-ch sf"]
[Site "Aktjubinsk"]
[Date "1985.??.??"]
[Round "?"]
[White "Petrushin, Alexander I"]
[Black "Tseshkovsky, Vitaly"]
[Result "0-1"]
[WhiteElo "2390"]
[BlackElo "2470"]
[PlyCount "104"]
[EventDate "1985.07.??"]
[Source "ChessBase"]

1. e4 e5 2. Nf3 Nc6 3. Bb5 a6 4. Ba4 Nf6 5. O-O Be7 6. d4 exd4 7. Re1 b5 8. e5 Nxe5 9. Rxe5 d6 10. Re1 bxa4 11. Bg5 Kf8 12. Qxd4 h6 13. Bh4 c5 14. Qxa4 Rb8 15. Qa3 g5 16. Bg3 Nh5 17. Nc3 Nxg3 18. hxg3 Bf6 19. Rad1 Kg7 20. Ne5 Qb6 21. Nxf7 Kxf7 22. Ne4 d5 23. Rxd5 Rd8 24. Qd3 Bf5 25. Qc4 Be6 26. Nxf6 Kxf6 27. Qc3+ Kf7 28. Rxc5 Rbc8 29. Qf3+ Kg7 30. Rce5 Bf7 31. Re7 Qf6 32. Ra7 Qxf3 33. gxf3 Rxc2 34. Ree7 Rf8 35. Rxa6 Rxb2 36. a4 Re8 37. Rxe8 Bxe8 38. a5 Ra2 39. Kg2 Ra3 40. g4 Bf7 41. Ra7 Kf6 42. Kf1 Bc4+ 43. Ke1 Ra2 44. Rc7 Bd5 45. Rc5 Ke5 46. Rb5 Kd4 47. Rb6 Kd3 48. Kf1 Bxf3 49. Kg1 Ke4 50. Rf6 Rxa5 51. Kh2 Bxg4 52. Rxh6 Kf3 0-1

[Event "Reykjavik"]
[Site "Reykjavik"]
[Date "1984.??.??"]
[Round "?"]
[White "Hjartarson, Johann"]
[Black "Olafsson, Helgi"]
[Result "1-0"]
[WhiteElo "2415"]
[BlackElo "2445"]
[PlyCount "119"]
[EventDate "1984.01.??"]
[Source "ChessBase"]

1. e4 e5 2. Nf3 Nc6 3. Bb5 a6 4. Ba4 Nf6 5. O-O Be7 6. d4 exd4 7. e5 Ne4 8. Nxd4 O-O 9. Nf5 d5 10. Bxc6 bxc6 11. Nxe7+ Qxe7 12. Re1 Re8 13. f3 Nd6 14. b3 f6 15. Bb2 Nf7 16. f4 fxe5 17. fxe5 Bf5 18. Nc3 Rad8 19. Qd4 Ng5 20. Na4 Ne6 21. Qd2 d4 22. Rf1 Rf8 23. Rae1 Bg6 24. Bc1 Rxf1+ 25. Rxf1 h6 26. Nb2 Ng5 27. Nd3 Ne4 28. Qa5 Nc3 29. Nf4 Be4 30. Re1 c5 31. Qxa6 Qxe5 32. Bd2 Kh7 33. a4 Rd6 34. Qc8 Rf6 35. g3 Qd6 36. a5 Bc6 37. Re6 Rxf4 38. Bxf4 Qd5 39. Rxc6 Qxc6 40. Qf5+ Kg8 41. Qc8+ Kh7 42. Qf5+ Kg8 43. Be5 Ne2+ 44. Kf2 Nc3 45. Qc8+ Kh7 46. Qf5+ Kg8 47. Qc8+ Kh7 48. Qxc7 Qg6 49. Qxg7+ Qxg7 50. Bxg7 Kxg7 51. a6 Nb5 52. Ke2 Kf6 53. Kd3 Ke5 54. Kc4 Nc7 55. a7 Kd6 56. g4 Kc6 57. h4 Kb6 58. h5 Kxa7 59. g5 hxg5 60. h6 1-0

[Event "Panamerican Team Ch"]
[Site "Tucuman ARG"]
[Date "1971.11.07"]
[Round "6.4"]
[White "Schweber, Samuel"]
[Black "Camara, Helder"]
[Result "1/2-1/2"]
[WhiteElo "2435"]
[BlackElo "2390"]
[PlyCount "38"]
[EventDate "1971.10.??"]
[Source "www.chesslib.no"]
[SourceDate "2004.05.04"]

1. e4 e5 2. Nf3 Nc6 3. Bb5 a6 4. Ba4 Nf6 5. O-O Be7 6. d4 exd4 7. e5 Ne4 8. Nxd4 Nxd4 9. Qxd4 Nc5 10. Nc3 O-O 11. Rd1 Nxa4 12. Qxa4 f6 13. Nd5 c6 14. Nxe7+ Qxe7 15. Qc4+ Qf7 16. Qxf7+ Rxf7 17. exf6 Rxf6 18. c4 d5 19. cxd5 Rd6 1/2-1/2

[Event "Budapest FS03 GM"]
[Site "Budapest"]
[Date "1995.??.??"]
[Round "11"]
[White "Onoprienko, Konstantin"]
[Black "Lukacs, Peter"]
[Result "0-1"]
[WhiteElo "2335"]
[BlackElo "2490"]
[PlyCount "64"]
[EventDate "1995.03.??"]
[Source "ChessBase"]

1. e4 e5 2. Nf3 Nc6 3. Bb5 a6 4. Ba4 Nf6 5. O-O Be7 6. d4 exd4 7. e5 Ne4 8. Nxd4 O-O 9. c3 Nxe5 10. Re1 d5 11. f3 c5 12. fxe4 cxd4 13. cxd4 Bg4 14. Qc2 Rc8 15. Nc3 Ng6 16. Bb3 dxe4 17. Qxe4 Qd7 18. Rf1 Bd6 19. h3 Be6 20. d5 Bxh3 21. gxh3 Qxh3 22. Qg2 Bc5+ 23. Rf2 Bxf2+ 24. Kxf2 Rxc3 25. bxc3 Qxc3 26. Rb1 Re8 27. Bg5 Qd4+ 28. Kg3 Qd3+ 29. Qf3 Qxb1 30. d6 Qg1+ 31. Kh3 Ne5 32. d7 Rf8 0-1

[Event "Bad Woerishofen Open"]
[Site "Bad Woerishofen GER"]
[Date "1989.??.??"]
[Round "?"]
[White "Blatny, Pavel"]
[Black "Sonntag, Hans-Hubert"]
[Result "1-0"]
[WhiteElo "2450"]
[BlackElo "2375"]
[PlyCount "101"]
[EventDate "1989.02.??"]
[Source "www.chesslib.no"]
[SourceDate "2004.05.04"]

1. e4 e5 2. Nf3 Nc6 3. Bb5 a6 4. Ba4 Nf6 5. O-O Be7 6. d4 exd4 7. Re1 O-O 8. e5 Ne8 9. Bxc6 dxc6 10. Nxd4 c5 11. Ne2 Qxd1 12. Rxd1 g6 13. Nbc3 Ng7 14. Ng3 Be6 15. Be3 Rfd8 16. Nge4 b6 17. Bg5 Bxg5 18. Nxg5 h6 19. Nxe6 fxe6 20. g4 Rd4 21. Rxd4 cxd4 22. Ne4 Rd8 23. Rd1 Ne8 24. c3 dxc3 25. Nxc3 Rxd1+ 26. Nxd1 c5 27. Kg2 Nc7 28. f4 Nd5 29. Kf3 Kf7 30. Ke4 Ne7 31. Ne3 b5 32. Nf1 h5 33. h3 hxg4 34. hxg4 Nc6 35. Ne3 Nb4 36. a3 Nc6 37. f5 gxf5+ 38. gxf5 exf5+ 39. Nxf5 Nd8 40. Kd5 Ne6 41. Kd6 Nd4 42. Nh6+ Kg6 43. Ng8 Kf7 44. Nf6 c4 45. Ne4 Ke8 46. e6 Nf5+ 47. Ke5 Ne3 48. Nf6+ Kd8 49. Nd5 Nxd5 50. Kxd5 Ke7 51. Ke5 1-0

[Event "Buenos Aires"]
[Site "Buenos Aires"]
[Date "1990.??.??"]
[Round "1"]
[White "Fernandez Garcia, Jose Luis"]
[Black "Adla, Diego Gustavo"]
[Result "1-0"]
[WhiteElo "2470"]
[BlackElo "2335"]
[PlyCount "55"]
[EventDate "1990.04.??"]
[Source "ChessBase"]

1. e4 e5 2. Nf3 Nc6 3. Bb5 a6 4. Ba4 Nf6 5. O-O Be7 6. d4 exd4 7. e5 Ne4 8. Nxd4 Nc5 9. Nf5 O-O 10. Qg4 Ne6 11. Bxc6 dxc6 12. Rd1 Qe8 13. Bh6 g6 14. Nxe7+ Qxe7 15. Bxf8 Nxf8 16. Qg3 Bf5 17. Qc3 Ne6 18. Nd2 Nf4 19. Kh1 Nd5 20. Qb3 Nb4 21. Rac1 Qc5 22. a3 Nxc2 23. Nf3 Qxf2 24. Rd2 Qe3 25. Qxb7 Re8 26. Rcxc2 Bxc2 27. Qxc6 Rxe5 28. Qxc2 1-0

[Event "Ch Uzbekistan"]
[Site "Tashkent (Uzbekistan)"]
[Date "2007.05.23"]
[Round "13"]
[White "Saidov Beqali (UZB)"]
[Black "Iuldachev Saidali (UZB)"]
[Result "1/2-1/2"]
[WhiteElo "2297"]
[BlackElo "2504"]
[PlyCount "99"]
[EventDate "2007.??.??"]
[Source "www.chesslib.no"]
[SourceDate "2004.05.04"]

1. e4 e5 2. Nf3 Nc6 3. Bb5 a6 4. Ba4 Nf6 5. O-O Be7 6. d4 exd4 7. e5 Ne4 8. Nxd4 O-O 9. Nf5 d5 10. exd6 Bxf5 11. dxe7 Nxe7 12. Qe2 Nc5 13. Rd1 Nd5 14. c4 Qe7 15. Qxe7 Nxe7 16. Nc3 Ng6 17. Rd4 Rfd8 18. Be3 Nxa4 19. Nxa4 Rxd4 20. Bxd4 f6 21. Nc3 Kf7 22. Rd1 Rd8 23. Be3 Rxd1+ 24. Nxd1 Bd3 25. b3 Nf8 26. f3 Ne6 27. Kf2 Ke7 28. Bc1 Kd6 29. Ke3 Bg6 30. Nc3 c5 31. Bb2 Bf7 32. h4 Kc6 33. g4 h5 34. Nd5 b5 35. Nf4 bxc4 36. Nxh5 cxb3 37. axb3 Bxh5 38. gxh5 Kd5 39. h6 gxh6 40. Bxf6 h5 41. f4 Nd4 42. Bxd4 cxd4+ 43. Kd3 a5 44. f5 Ke5 45. f6 Kxf6 46. Kxd4 Kf5 47. Kc5 Kg4 48. Kb5 Kxh4 49. Kxa5 Kg4 50. b4 1/2-1/2

[Event "Cairo Open"]
[Site "Cairo EGY"]
[Date "1996.??.??"]
[Round "7"]
[White "Hamam, Reda"]
[Black "El Taher, Fouad"]
[Result "0-1"]
[WhiteElo "2355"]
[BlackElo "2445"]
[PlyCount "108"]
[EventDate "1996.??.??"]
[Source "www.chesslib.no"]
[SourceDate "2004.05.04"]

1. e4 e5 2. Nf3 Nc6 3. Bb5 a6 4. Ba4 Nf6 5. O-O Be7 6. d4 exd4 7. e5 Ne4 8. Nxd4 O-O 9. Nf5 d5 10. Nxe7+ Nxe7 11. c3 Ng6 12. Bb3 c6 13. Qd4 Qe7 14. f4 Bf5 15. Be3 Rad8 16. Qd1 f6 17. Bb6 fxe5 18. Bxd8 Qc5+ 19. Kh1 Rxd8 20. Qe1 Nxf4 21. Nd2 Nxd2 22. Qxd2 Be4 23. Rf2 Nh3 24. Re2 Rf8 25. Qe3 Nf2+ 26. Kg1 Nd3 27. Rd1 b6 28. Qxc5 Nxc5 29. c4 Nxb3 30. axb3 h6 31. h3 Ra8 32. cxd5 cxd5 33. Rc1 Re8 34. Kf2 Re6 35. Re3 Kh7 36. b4 h5 37. h4 Bf5 38. Rce1 Be4 39. Ra3 b5 40. Rc3 Rf6+ 41. Kg1 Rg6 42. Re2 d4 43. Rc5 Bf3 44. Rf2 e4 45. Rd5 d3 46. Rd4 Rg4 47. Rd6 Be2 48. Rf5 e3 49. Rxh5+ Kg8 50. Rhd5 Bf3 51. Rd8+ Kh7 52. Rxd3 Rxg2+ 53. Kh1 Bc6 54. R8d6 e2 0-1

[Event "SVK Ch"]
[Site "Bratislava SVK"]
[Date "1986.??.??"]
[Round "6"]
[White "Gazik, Igor"]
[Black "Franzen, Jozef"]
[Result "1/2-1/2"]
[WhiteElo "2415"]
[BlackElo "2380"]
[PlyCount "96"]
[EventDate "1986.??.??"]
[Source "www.chesslib.no"]
[SourceDate "2004.05.04"]

1. e4 e5 2. Nf3 Nc6 3. Bb5 a6 4. Ba4 Nf6 5. O-O Be7 6. d4 exd4 7. Re1 b5 8. e5 Nxe5 9. Nxe5 bxa4 10. Qxd4 O-O 11. Qxa4 Rb8 12. Nd3 Nd5 13. Bd2 Bf6 14. c4 Ne7 15. Bc3 Ng6 16. Qa5 Rb6 17. Nd2 Bxc3 18. Qxc3 Bb7 19. f3 Nh4 20. Ne4 f5 21. Ng3 Bxf3 22. c5 Rh6 23. Qc4+ Kh8 24. Ne5 Bxg2 25. Nf7+ Rxf7 26. Qxf7 Be4 27. Re3 Nf3+ 28. Kf1 Nxh2+ 29. Ke2 Rf6 30. Qh5 Rh6 31. Qf7 Rf6 32. Qh5 Bf3+ 33. Rxf3 Nxf3 34. Qxf3 Qe7+ 35. Kf1 Qxc5 36. Re1 Rf8 37. Nh5 h6 38. Nf4 Qd6 39. Qg3 g5 40. Qc3+ Kh7 41. Nd3 c6 42. b4 h5 43. Ne5 Re8 44. Qf3 Rxe5 45. Qxh5+ Kg7 46. Qxg5+ Kf8 47. Qd8+ Kf7 48. Rxe5 Qxe5 1/2-1/2

[Event "Corr"]
[Site "?"]
[Date "1998.??.??"]
[Round "?"]
[White "Braakhuis Wilfried"]
[Black "Simmelink Joop Theo"]
[Result "1/2-1/2"]
[WhiteElo "2366"]
[BlackElo "2429"]
[PlyCount "70"]
[EventDate "1998.??.??"]
[Source "www.chesslib.no"]
[SourceDate "2004.05.04"]

1. e4 e5 2. Nf3 Nc6 3. Bb5 a6 4. Ba4 Nf6 5. O-O Be7 6. d4 exd4 7. Re1 b5 8. Bb3 d6 9. Bd5 Nxd5 10. exd5 Ne5 11. Nxd4 O-O 12. a4 Bg4 13. f3 Bd7 14. Nc3 b4 15. Ne4 Re8 16. Bf4 Ng6 17. Bd2 Rb8 18. c4 bxc3 19. Bxc3 Bh4 20. g3 f5 21. Nf2 Rxe1+ 22. Qxe1 Bf6 23. Qe2 Qc8 24. Nc6 Bxc6 25. dxc6 Bxc3 26. Qc4+ Kf8 27. Qxc3 Qe8 28. Qa5 Qxc6 29. Qxf5+ Kg8 30. Qe6+ Kh8 31. f4 Qc2 32. Nd1 h6 33. Qe3 Rb3 34. Qf2 Qc6 35. Qe2 Qc5+ 1/2-1/2

[Event "Ano Liosia op"]
[Site "Ano Liosia"]
[Date "1996.??.??"]
[Round "7"]
[White "Dervishi, Erald"]
[Black "Skembris, Spyridon"]
[Result "1/2-1/2"]
[WhiteElo "2290"]
[BlackElo "2505"]
[PlyCount "177"]
[EventDate "1996.??.??"]
[Source "ChessBase"]

1. e4 e5 2. Nf3 Nc6 3. Bb5 a6 4. Ba4 Nf6 5. O-O Be7 6. d4 exd4 7. e5 Ne4 8. Nxd4 Nxd4 9. Qxd4 Nc5 10. Nc3 O-O 11. Bg5 Bxg5 12. Qxc5 Be7 13. Qe3 d5 14. Rad1 c6 15. Bb3 Qc7 16. Kh1 b5 17. Ne2 Bf5 18. Ng3 Bd7 19. c3 Rae8 20. Bc2 g6 21. f4 Bd8 22. Qd3 Bg4 23. Rde1 f6 24. exf6 Rxe1 25. Rxe1 Qxf4 26. a4 Bxf6 27. axb5 axb5 28. h3 Bd7 29. Nh5 Qh4 30. Nxf6+ Rxf6 31. Qe2 Qf2 32. Bd3 Qxe2 33. Rxe2 Rf1+ 34. Kh2 Kf7 35. b4 Rc1 36. Re3 Kf6 37. Be2 Bf5 38. Bf3 h5 39. Kg3 Rc2 40. h4 Be4 41. Bxe4 dxe4 42. Rxe4 Rxc3+ 43. Kf4 c5 44. bxc5 Rxc5 45. g4 hxg4 46. Re8 Rc4+ 47. Kg3 Kf5 48. Rf8+ Ke5 49. Rg8 Kf6 50. Rf8+ Kg7 51. Rb8 Rb4 52. Rc8 Kh7 53. Rc5 Kg7 54. Rd5 Kf6 55. Rc5 Ke6 56. Rg5 Kf6 57. Rc5 Kg7 58. Rd5 Kh6 59. Rc5 Rb1 60. Kxg4 b4 61. Rb5 b3 62. Kg3 Kg7 63. Rb6 Kf7 64. Kg2 Rb2+ 65. Kg3 Kg7 66. Kh3 Rb1 67. Kg2 Kf7 68. Kh2 b2 69. Kg2 Ke7 70. Rb8 Ke6 71. Rb3 Kd6 72. Rb6+ Kc5 73. Rb8 Kd4 74. Rd8+ Ke3 75. Rb8 Ke4 76. Re8+ Kf4 77. Rb8 Ke4 78. Re8+ Kd4 79. Rd8+ Kc5 80. Rc8+ Kd6 81. Rb8 Kc6 82. Rb3 Kc5 83. Rb8 Kc4 84. Rc8+ Kd3 85. Rd8+ Ke3 86. Re8+ Kf4 87. Rb8 Kg4 88. Rb4+ Kh5 89. Kh2 1/2-1/2

[Event "Ribe 6 Nations tt"]
[Site "Ribe DEN"]
[Date "1973.08.08"]
[Round "4.3"]
[White "Jansson, Borje"]
[Black "Johannsson, Ingi R"]
[Result "1/2-1/2"]
[WhiteElo "2395"]
[BlackElo "2400"]
[PlyCount "41"]
[EventDate "1973.??.??"]
[Source "www.chesslib.no"]
[SourceDate "2004.05.04"]

1. e4 e5 2. Nf3 Nc6 3. Bb5 a6 4. Ba4 Nf6 5. O-O Be7 6. d4 exd4 7. Re1 O-O 8. e5 Ne8 9. Bf4 f6 10. Bxc6 bxc6 11. Nxd4 fxe5 12. Bxe5 Bf6 13. Nc3 Bb7 14. Qe2 Bxe5 15. Qxe5 Qh4 16. Nf3 Qg4 17. Qg3 Qxg3 18. hxg3 c5 19. Re7 Bxf3 20. gxf3 Rf7 21. Rxf7 1/2-1/2

[Event "Kislovodsk (Russia)"]
[Site "?"]
[Date "1956.??.??"]
[Round "?"]
[White "Nezhmetdinov Rashid"]
[Black "Shamkovich Leonid Alexandrovi"]
[Result "1-0"]
[WhiteElo "2450"]
[BlackElo "2342"]
[PlyCount "115"]
[EventDate "1956.??.??"]
[Source "www.chesslib.no"]
[SourceDate "2004.05.04"]

1. e4 e5 2. Nf3 Nc6 3. Bb5 a6 4. Ba4 Nf6 5. O-O Be7 6. d4 b5 7. Bb3 d6 8. c3 Bg4 9. h3 Bxf3 10. Qxf3 exd4 11. Qg3 O-O 12. Bh6 Ne8 13. Bd5 Qd7 14. Qg4 Qxg4 15. hxg4 gxh6 16. Bxc6 dxc3 17. Nxc3 Rb8 18. Nd5 Bd8 19. f4 Nf6 20. Ne3 Nxe4 21. Nf5 Nc5 22. Nxh6+ Kh8 23. b4 Ne6 24. Rad1 Bf6 25. Bd5 Rbe8 26. Bc6 Rd8 27. g3 Nd4 28. Bd5 Rd7 29. g5 Bg7 30. Rfe1 c6 31. Bg2 c5 32. Ng4 f6 33. gxf6 Bxf6 34. Nxf6 Rxf6 35. Re8+ Kg7 36. Bd5 Rf8 37. Re4 Kf6 38. g4 h6 39. Kg2 Rc8 40. Rh1 Kg7 41. f5 Rf8 42. Rc1 Rfd8 43. Kg3 Kf6 44. Kf4 Kg7 45. Rc3 Kf6 46. Rh3 Kg7 47. g5 hxg5+ 48. Kxg5 Rf8 49. f6+ Rxf6 50. Rh7+ Kxh7 51. Kxf6 Nf3 52. Rf4 Rg7 53. Rxf3 Rg6+ 54. Kf7 Rg7+ 55. Kf8 Rg4 56. Rf6 cxb4 57. Be6 Rh4 58. Kf7 1-0

[Event "Sas van Gent"]
[Site "Sas van Gent NED"]
[Date "1992.??.??"]
[Round "?"]
[White "Kuijf, Marinus N"]
[Black "Van Gisbergen, Stan"]
[Result "1/2-1/2"]
[WhiteElo "2440"]
[BlackElo "2350"]
[PlyCount "48"]
[EventDate "1992.08.??"]
[Source "www.chesslib.no"]
[SourceDate "2004.05.04"]

1. e4 e5 2. Nf3 Nc6 3. Bb5 a6 4. Ba4 Nf6 5. O-O Be7 6. d4 exd4 7. e5 Ne4 8. Nxd4 O-O 9. Nf5 d5 10. Nxe7+ Nxe7 11. c3 Nc5 12. Bc2 Bf5 13. Be3 Bxc2 14. Qxc2 Ne6 15. Nd2 f5 16. exf6 Rxf6 17. Nf3 Qd6 18. Nd4 Nxd4 19. Bxd4 Rh6 20. g3 Rf8 21. Rae1 Nf5 22. Be5 Qd7 23. f3 Rg6 24. Qd3 b5 1/2-1/2

[Event "Mind Sports Games - Rapid Team"]
[Site "Pechino CINA"]
[Date "2008.10.15"]
[Round "5"]
[White "Martin del Campo, R."]
[Black "Diermair, A."]
[Result "1-0"]
[WhiteElo "2420"]
[BlackElo "2365"]
[PlyCount "71"]
[EventDate "2008.10.14"]
[Source "www.chesslib.no"]
[SourceDate "2004.05.04"]

1. e4 e5 2. Nf3 Nc6 3. Bb5 a6 4. Ba4 Nf6 5. O-O Be7 6. d4 exd4 7. e5 Ne4 8. Nxd4 Nxd4 9. Qxd4 Nc5 10. Nc3 Nxa4 11. Nxa4 O-O 12. Bf4 f6 13. Qc4+ Kh8 14. exf6 Rxf6 15. Bxc7 Qf8 16. Nb6 Rc6 17. Qb3 Ra7 18. Bb8 Rxb6 19. Qxb6 Ra8 20. Qc7 d5 21. Rae1 Bf6 22. Qc5 Qg8 23. Be5 Bf5 24. Bxf6 gxf6 25. Qd4 Rf8 26. Re2 Bh3 27. f3 Bf5 28. Rfe1 b5 29. c3 Qf7 30. Re7 Qg6 31. Qxd5 Rg8 32. g3 h5 33. Qxg8+ Kxg8 34. Re8+ Kg7 35. R1e7+ Kh6 36. Rh8+ 1-0

[Event "10th Metalis Open"]
[Site "Bizovac"]
[Date "2003.03.01"]
[Round "6"]
[White "Kutuzovic, Branko"]
[Black "Saric, Ibro"]
[Result "1/2-1/2"]
[WhiteElo "2389"]
[BlackElo "2394"]
[PlyCount "46"]
[EventDate "2003.02.26"]
[Source "Roberto Alvarez"]
[SourceDate "2003.03.03"]

1. e4 e5 2. Nf3 Nc6 3. Bb5 a6 4. Ba4 Nf6 5. O-O Be7 6. d4 Nxd4 7. Nxd4 exd4 8. e5 Ne4 9. Qxd4 Nc5 10. Bb3 O-O 11. Bf4 Ne6 12. Bxe6 dxe6 13. Qe3 Bd7 14. Rd1 Qe8 15. Nc3 Bc6 16. Rd3 Rd8 17. Rad1 Rxd3 18. Rxd3 Qc8 19. Bg5 Qe8 20. Qg3 Bxg5 21. Qxg5 h6 22. Qh4 f5 23. exf6 Qg6 1/2-1/2

[Event "First Saturday GM - Giugno 2008"]
[Site "Budapest UNG"]
[Date "2008.06.12"]
[Round "6"]
[White "Liu, Qingnan"]
[Black "Sethuranam, S.P."]
[Result "0-1"]
[WhiteElo "2344"]
[BlackElo "2425"]
[PlyCount "70"]
[EventDate "2008.06.07"]
[Source "www.chesslib.no"]
[SourceDate "2004.05.04"]

1. e4 e5 2. Nf3 Nc6 3. Bb5 a6 4. Ba4 Nf6 5. O-O Be7 6. d4 exd4 7. Re1 b5 8. Bb3 d6 9. Bd5 Nxd5 10. exd5 Ne5 11. Nxd4 O-O 12. a4 Bg4 13. f3 Bd7 14. Nc3 Bh4 15. g3 Bf6 16. b3 Nxf3+ 17. Nxf3 Bxc3 18. Bd2 Bxa1 19. Qxa1 c6 20. Qd4 bxa4 21. Bc3 f6 22. dxc6 Bxc6 23. Qc4+ Kh8 24. Qxc6 Rc8 25. Qxa4 Rxc3 26. Nd4 Qb6 27. Kg2 Qb7+ 28. Kg1 Rcc8 29. Re6 Qd5 30. Re7 a5 31. Kf2 Qh1 32. h4 Qh2+ 33. Ke3 Rc3+ 34. Ke4 Qg2+ 35. Kf5 Qxg3 0-1

[Event "Oberliga Nord N 9900"]
[Site "?"]
[Date "2000.??.??"]
[Round "?"]
[White "Joecks Christian"]
[Black "Pinski Jan"]
[Result "1-0"]
[WhiteElo "2415"]
[BlackElo "2346"]
[PlyCount "57"]
[EventDate "2000.??.??"]
[Source "www.chesslib.no"]
[SourceDate "2004.05.04"]

1. e4 e5 2. Nf3 Nc6 3. Bb5 a6 4. Ba4 Nf6 5. O-O Be7 6. d4 exd4 7. e5 Ne4 8. Nxd4 O-O 9. Nf5 d5 10. Bxc6 bxc6 11. Nxe7+ Qxe7 12. Re1 Bf5 13. f3 Nc5 14. b3 Ne6 15. Ba3 c5 16. Nc3 c6 17. Qd2 Rfd8 18. Na4 Qa7 19. Kh1 h6 20. Rad1 a5 21. h3 Rab8 22. Qf2 d4 23. g4 Bh7 24. f4 g6 25. f5 gxf5 26. gxf5 Ng7 27. Rg1 Kh8 28. Rxg7 Kxg7 29. Rg1+ 1-0

[Event "20th Belgrade Trophy"]
[Site "Belgrade SRB"]
[Date "2007.11.23"]
[Round "2"]
[White "Radulski, J."]
[Black "Starcevic, G."]
[Result "1-0"]
[WhiteElo "2519"]
[BlackElo "2241"]
[PlyCount "69"]
[EventDate "2007.11.22"]
[Source "www.chesslib.no"]
[SourceDate "2004.05.04"]

1. e4 e5 2. Nf3 Nc6 3. Bb5 a6 4. Ba4 Nf6 5. O-O Be7 6. d4 exd4 7. Re1 O-O 8. e5 Ne8 9. c3 d6 10. Bxc6 bxc6 11. Nxd4 Bd7 12. Qf3 c5 13. Nf5 Bxf5 14. Qxf5 g6 15. Qf3 Ng7 16. exd6 Bxd6 17. Nd2 f5 18. b3 Re8 19. Rxe8+ Qxe8 20. Bb2 Rd8 21. Nc4 Ne6 22. Re1 Qf7 23. h4 Re8 24. Qc6 Rd8 25. Qxa6 Nf4 26. Nxd6 cxd6 27. Bc1 Nd5 28. Bg5 Nf6 29. Qc6 Kg7 30. c4 h6 31. Bxf6+ Kxf6 32. b4 cxb4 33. Qb6 Qd7 34. c5 Kg7 35. c6 1-0

[Event "Philadelphia"]
[Site "Philadelphia, PA USA"]
[Date "1989.??.??"]
[Round "9"]
[White "Leow, Leslie M"]
[Black "Dehmelt, Karl"]
[Result "1/2-1/2"]
[WhiteElo "2445"]
[BlackElo "2310"]
[PlyCount "52"]
[EventDate "1989.??.??"]
[Source "www.chesslib.no"]
[SourceDate "2004.05.04"]

1. e4 e5 2. Nf3 Nc6 3. Bb5 a6 4. Ba4 Nf6 5. O-O Be7 6. d4 exd4 7. Re1 b5 8. Bb3 d6 9. Bd5 Nxd5 10. exd5 Ne5 11. Nxd4 Bd7 12. Nc3 O-O 13. f4 c5 14. fxe5 cxd4 15. Qxd4 dxe5 16. Qxe5 Re8 17. Qg3 b4 18. Nd1 Bf5 19. Qf2 Qxd5 20. Ne3 Bc5 21. Rf1 Bxe3 22. Bxe3 Bxc2 23. Bc5 b3 24. axb3 Bxb3 25. Bb4 Qe4 26. Bc3 Qe3 1/2-1/2

[Event "Capablanca mem-C 13th"]
[Site "Cienfuegos City CUB"]
[Date "1976.05.31"]
[Round "15"]
[White "Boudy, Julio"]
[Black "Quinones, Oscar Carillo"]
[Result "1/2-1/2"]
[WhiteElo "2395"]
[BlackElo "2350"]
[PlyCount "43"]
[EventDate "1976.05.17"]
[Source "www.chesslib.no"]
[SourceDate "2004.05.04"]

1. e4 e5 2. Nf3 Nc6 3. Bb5 a6 4. Ba4 Nf6 5. O-O Be7 6. d4 exd4 7. Re1 b5 8. Bb3 d6 9. Bd5 Bd7 10. Nxd4 Nxd5 11. Nxc6 Bxc6 12. exd5 Bd7 13. Qe2 Kf8 14. Nc3 f5 15. Qd3 Bf6 16. Ne2 Qe7 17. c3 Re8 18. Be3 g6 19. Nd4 Kf7 20. h3 Qe4 21. Qxe4 Rxe4 22. Nf3 1/2-1/2

[Event "AUT Ch"]
[Site "Austria"]
[Date "1993.??.??"]
[Round "6"]
[White "Felsberger, Alfred"]
[Black "Schroll, Gerhard"]
[Result "1-0"]
[WhiteElo "2360"]
[BlackElo "2385"]
[PlyCount "41"]
[EventDate "1993.??.??"]
[Source "www.chesslib.no"]
[SourceDate "2004.05.04"]

1. e4 e5 2. Nf3 Nc6 3. Bb5 a6 4. Ba4 Nf6 5. O-O Be7 6. d4 Nxe4 7. Qe2 f5 8. dxe5 O-O 9. Be3 Kh8 10. c3 Qe8 11. Nbd2 d5 12. exd6 Bxd6 13. Nc4 f4 14. Bxc6 Qxc6 15. Nxd6 Nxd6 16. Bd4 Bg4 17. Qd3 Nc4 18. Rfe1 Bxf3 19. Re7 Rg8 20. Qxf3 Qd6 21. Rae1 1-0

[Event "Marijampole Open"]
[Site "Marijampole"]
[Date "1994.??.??"]
[Round "8"]
[White "Vavra, Pavel"]
[Black "Zajogin, Alexander"]
[Result "0-1"]
[WhiteElo "2365"]
[BlackElo "2380"]
[PlyCount "68"]
[EventDate "1994.??.??"]
[Source "www.chesslib.no"]
[SourceDate "2004.05.04"]

1. e4 e5 2. Nf3 Nc6 3. Bb5 a6 4. Ba4 Nf6 5. O-O Be7 6. d4 b5 7. dxe5 Nxe4 8. Bb3 Nc5 9. Bd5 Bb7 10. Re1 O-O 11. Nc3 d6 12. Bf4 dxe5 13. Nxe5 Nxe5 14. Bxe5 c6 15. Bf3 Re8 16. Ne2 Qb6 17. Bd4 Qc7 18. Ng3 Rad8 19. Be5 Qb6 20. Qc1 Ne6 21. c3 c5 22. Bxb7 Qxb7 23. Nf5 Bg5 24. f4 Nxf4 25. Bxf4 Rxe1+ 26. Qxe1 Bxf4 27. Qh4 Rd2 28. Qg4 f6 29. Re1 Be5 30. Nh6+ Kf8 31. Rxe5 fxe5 32. Qf5+ Ke8 33. Qxe5+ Qe7 34. Qh5+ g6 0-1

[Event "Napoli Open"]
[Site "Naples ITA"]
[Date "1989.??.??"]
[Round "?"]
[White "Aleksic, Nenad"]
[Black "Komnenic, Branko"]
[Result "1-0"]
[WhiteElo "2465"]
[BlackElo "2280"]
[PlyCount "31"]
[EventDate "1989.??.??"]
[Source "www.chesslib.no"]
[SourceDate "2004.05.04"]

1. e4 e5 2. Nf3 Nc6 3. Bb5 a6 4. Ba4 Nf6 5. O-O Be7 6. d4 exd4 7. e5 Ne4 8. Nxd4 Nxd4 9. Qxd4 Nc5 10. Nc3 O-O 11. Bg5 Nxa4 12. Bxe7 Nxc3 13. Qh4 Ne2+ 14. Kh1 Qe8 15. Bxf8 Qxf8 16. Rfe1 1-0